000
00431nam a2200133Ia 4500
008
100328s9999 xx 000 0 und d
082
_b
37655
100
_a
बेडेकर विश्राम
245
_a
स्वा.वीर सावरकर-1
260
_b
पॉप्युलर
630
_a
स्वा.वीर सावरकर-1
730
_a
स्वा.वीर सावरकर-1
942
_c
BOOK
999
_c
527035
_d
527032